| 000 | 00566nam a22001817a 4500 | ||
|---|---|---|---|
| 005 | 20221110115618.0 | ||
| 040 | _curs | ||
| 050 | _aHJ 141 B75 1996 v.2 | ||
| 100 |
_92952 _aBriones, Leonor M. _eauthor |
||
| 245 |
_aPhilippine public fiscal administration _cLeonor M. Briones |
||
| 250 | _aSecond edition | ||
| 260 |
_aMandaluyong _bFiscal Administration Foundation, Inc. (FAFI) _c1996 |
||
| 336 |
_2rdacontent _atext _btxt |
||
| 337 |
_2rdamedia _aunmediated _bn |
||
| 338 |
_2rdacarrier _avolume _bnc |
||
| 650 | 0 |
_92953 _aPublic finance _zPhilippines |
|
| 942 |
_2lcc _cF |
||
| 999 |
_c59273 _d59273 |
||